| 000 | 00815nam a22002297a 4500 | ||
|---|---|---|---|
| 005 | 20230522073914.0 | ||
| 008 | 221124b |||||||| |||| 00| 0 eng d | ||
| 020 | _a978-0-415-52469-8 | ||
| 082 | _aG.S. 371.9046 Un58 2013 | ||
| 100 |
_aBurrello, Leonard C. _eauthor |
||
| 245 |
_aUnifying educational systems: _bleadership and policy perspective / _cLeonard C. Burrello, Wayne Sailor, Jeannie Kleinhamner-Tramill |
||
| 260 |
_aNew York: _bRoutledge, _cc2013. |
||
| 300 |
_aviii, 255p.; _bill. |
||
| 504 | _aIncludes bibliographical references and index | ||
| 541 | _e4456 | ||
| 650 | _aSpecial education | ||
| 650 | _aEducational leadership | ||
| 650 | _aInclusive education | ||
| 650 | _aSchool management and organization | ||
| 700 |
_aSailor, Wayne _eauthor |
||
| 700 |
_aTramill, Jeannie K. _eauthor |
||
| 999 |
_c253 _d253 |
||